000 00373nam a2200145Ia 4500
008 210210b1986 xxu||||| |||| 00| 0 eng d
082 _a820.33 DASS
100 _aDAS (Manoj).
245 _aSubmerged valley and other stories.
260 _aU K
_bBatstone Books
_c1986
300 _a159
650 _aSubmerged Valley
690 _aIndian English Fiction
906 _a038770
999 _c88665
_d88665